000 00701nam a2200205Ii 4500
003 JO-AjNU
008 230605s9999||||xx |||||||||||||| ||und||
040 _aJO-AjNU
_bara
_erda
_cJO-AjNU
041 _aara
050 1 4 _aPJ7816.A77.Z52 1991
100 3 _aأبو أحمد، حامد,
_eauthor
_957297
245 0 0 _aعبد الوهاب البياتي في إسبانيا
250 _aط1
264 3 1 _aبيروت: المؤسسة العربية للدراسات والنشر، 1991
300 _a224ص
336 _atext
_btxt
_2rdacontent
337 _aunmediated
_bn
_2rdamedia
338 _avolume
_bnc
_2rdacarrier
650 4 _aالشعر العربي- العراق- تاريخ ونقد
_957298
999 _aA25666
_c29234
_d29234